000 00719cam a2200241 a 4500
001 000009636
005 20200929161642.0
008 900926s1987 sp 001 0 spa
020 _a8424503422
040 _aDO-SdBNP
_bspa
_cLC
_dBNPHU
082 _ann*
_bC112t, 1987
100 1 _aCabal, Fermin.
_915013
245 1 0 _aTu estas loco, Briones ; fuiste a ver a la abuela??? ; Vade retro! /
_cFermin Cabal.
250 _a2a ed.
260 _aMadrid :
_bFundamentos,
_c1987.
300 _a173 p. ;
_c21 cm.
490 1 _aEspiral
_pTeatro,
_v72
650 4 _aTeatro español
_93071
650 4 _aLiteratura española
_9632
830 0 _aEspiral
_pTeatro,
_v72
_924500
910 _aCatalogación derivada
049 _aBNGR
999 _c9396
_d9396